| 000 | 00377nam a2200145Ia 4500 | ||
|---|---|---|---|
| 008 | 230917s9999||||xx |||||||||||||| ||und|| | ||
| 040 |
_e97172 _aMAIN |
||
| 041 | _aEnglish | ||
| 082 | _a973.3 W584T | ||
| 100 | _aWhite, Morton | ||
| 245 | 0 | _aPhilosophy of the American revolution | |
| 260 |
_aNew York _bOxford University Press _c1978 |
||
| 300 | _axii, 299 p. | ||
| 942 | _cBK | ||
| 999 |
_c221742 _d221742 |
||